000 00496nam a2200181Ia 4500
005 20250326123511.0
008 250326s9999 xx 000 0 und d
037 _aTextbook
040 _aFMSL
_beng
_cFMSL
041 _aeng
_2eng
084 _aX:89A MO
_qFMSL
100 _aGaither N
_9735316
245 0 _aProductional operations management
_cGaither N
260 _aNew Delhi
_bNew Delhi, Dryden
_c1989
300 _a765p
942 _cTB
_hX:89A MO
999 _c1269639
_d1269639